[Event "Bangalore op 1st"]
[Site "Bangalore"]
[Date "2024.01.18"]
[Round "1"]
[White "Prudhvi, Kumar V"]
[Black "Das, Sayantan"]
[Result "1/2-1/2"]
[WhiteElo "2123"]
[BlackElo "2514"]
[PlyCount "149"]
[EventDate "2024.01.18"]
[EventType "swiss"]
[EventRounds "10"]
[EventCountry "IND"]
[SourceTitle "CB05_2024"]
[SourceDate "2024.01.31"]
[SourceVersion "1"]
[SourceVersionDate "2024.01.31"]
[SourceQuality "1"]

1. d4 d5 2. c4 e6 3. Nf3 c6 4. Nbd2 f5 5. g3 Bd6 6. Bg2 Nd7 7. Qc2 Ngf6 8. 0-0 0-0 9. b3 Qe7 10. Bb2 b6 11. Ne5 Bb7 12. cxd5 cxd5 13. Rfc1 Ne4 14. Ndf3 Ndf6 15. Nd3 Ng4 16. h3 Ngxf2 17. Nxf2 Bxg3 18. Nd3 Rac8 19. Qd1 g5 20. a4 Rxc1 21. Bxc1 g4 22. Bf4 gxf3 23. exf3 Qh4 24. Bxg3 Nxg3 25. Ne5 Qxd4+ 26. Qxd4 Ne2+ 27. Kf2 Nxd4 28. Rb1 f4 29. Bf1 Nc6 30. Nxc6 Bxc6 31. Rc1 Bb7 32. Bd3 Rc8 33. Rg1+ Kh8 34. Rg4 Rc3 35. Ke2 e5 36. Rg5 e4 37. fxe4 dxe4 38. Bc4 Rg3 39. Rf5 f3+ 40. Ke3 h6 41. Rf6 Kh7 42. h4 Rg6 43. Rf8 Rg7 44. Bf7 Rg3 45. Be6 f2+ 46. Kxf2 Rf3+ 47. Rxf3 exf3 48. Bg4 Kg6 49. Bxf3 Bc8 50. b4 a5 51. bxa5 bxa5 52. Bc6 Kf5 53. Kf3 Ke5 54. Ke3 Bg4 55. Be8 Bd1 56. Kd2 Bb3 57. Ke3 Be6 58. Bb5 Bc8 59. Be8 Ba6 60. Bd7 Kd6 61. Be8 Kc5 62. Kf4 Kb4 63. Kf5 Bd3+ 64. Kg4 Be2+ 65. Kf5 Bd1 66. Kg6 Bxa4 67. Bxa4 Kxa4 68. Kxh6 Kb5 69. h5 a4 70. Kg7 a3 71. h6 a2 72. h7 a1Q+ 73. Kg8 Kc6 74. h8Q Qxh8+ 75. Kxh8 1/2-1/2

[Event "Leca da Palmeira 2nd"]
[Site "Leca da Palmeira"]
[Date "2023.08.03"]
[Round "5"]
[White "Dionisi, Thomas"]
[Black "Prudhvi, Kumar V"]
[Result "1-0"]
[WhiteElo "2401"]
[BlackElo "2051"]
[PlyCount "67"]
[EventDate "2023.07.31"]
[EventType "swiss"]
[EventRounds "9"]
[EventCountry "POR"]
[SourceTitle "CBM 215 Extra"]
[Source "ChessBase"]
[SourceDate "2023.09.30"]
[SourceVersion "1"]
[SourceVersionDate "2023.09.30"]
[SourceQuality "1"]

1. e4 c5 2. Nf3 Nc6 3. Bb5 Nf6 4. Bxc6 dxc6 5. d3 g6 6. h3 Bg7 7. Nc3 0-0 8. Be3 b6 9. Qd2 e5 10. Bh6 Qd6 11. Bxg7 Kxg7 12. 0-0 Ne8 13. Nh2 c4 14. Rfd1 cxd3 15. Qxd3 Qxd3 16. Rxd3 Be6 17. Rad1 f6 18. b3 Kf7 19. Ne2 Ng7 20. f4 exf4 21. Nxf4 Rfe8 22. Rd6 c5 23. Nf3 Bc8 24. Nd5 Ne6 25. Rf1 Kg7 26. Nd2 Rf8 27. Nc4 Rb8 28. Ne7 Ng5 29. e5 fxe5 30. Rxf8 Kxf8 31. Nc6 Ra8 32. Rd8+ Kg7 33. Nd6 Nf7 34. Rxc8 1-0

[Event "Monteolivete op 3rd"]
[Site "Alboraia"]
[Date "2023.07.23"]
[Round "9"]
[White "Prudhvi, Kumar V"]
[Black "Tarnowska, Aleksandra"]
[Result "0-1"]
[WhiteElo "2076"]
[BlackElo "1835"]
[PlyCount "146"]
[EventDate "2023.07.17"]
[EventType "swiss"]
[EventRounds "9"]
[EventCountry "ESP"]
[SourceTitle "CBM 215 Extra"]
[Source "ChessBase"]
[SourceDate "2023.09.30"]
[SourceVersion "1"]
[SourceVersionDate "2023.09.30"]
[SourceQuality "1"]

1. e4 c5 2. Nf3 e6 3. d4 cxd4 4. Nxd4 a6 5. Bd3 Bc5 6. Nb3 Be7 7. Qg4 g6 8. Qe2 d6 9. 0-0 Nd7 10. a4 b6 11. Na3 Bb7 12. Nc4 Qc7 13. a5 b5 14. Nb6 Rd8 15. Nxd7 Qxd7 16. c4 bxc4 17. Bxc4 Qc8 18. Be3 Nf6 19. Bb6 Nxe4 20. Bxd8 Bxd8 21. Rfc1 Qa8 22. f3 Qa7+ 23. Kf1 Nf6 24. Bxe6 0-0 25. Bc4 Re8 26. Qf2 Qb8 27. Re1 Rxe1+ 28. Rxe1 d5 29. Bd3 Qxh2 30. Nc5 Bc6 31. g4 Qh1+ 32. Ke2 Qh6 33. b4 d4 34. Qxd4 Nd5 35. Be4 Bf6 36. Qd2 Bb5+ 37. Kd1 Qxd2+ 38. Kxd2 Bc3+ 39. Kd1 Bxe1 40. Kxe1 Nxb4 41. Kd2 h5 42. gxh5 gxh5 43. Kc3 Nc6 44. Nxa6 Nxa5 45. Nc7 Bc6 46. Nd5 Kg7 47. Kd4 Nb3+ 48. Ke5 Nd2 49. Nf6 Nxf3+ 50. Kf4 Kxf6 51. Bxc6 Ne5 52. Be4 Ng6+ 53. Kg3 Kg5 54. Bd5 h4+ 55. Kh2 f5 56. Bf7 Ne5 57. Bd5 Kg4 58. Be6 Nf3+ 59. Kg2 Ng5 60. Bd7 Kf4 61. Kh2 Ke4 62. Kg2 f4 63. Kf2 f3 64. Bc6+ Kf4 65. Bd5 Nh3+ 66. Kf1 Kg3 67. Bc4 Nf4 68. Kg1 h3 69. Bf1 Ne2+ 70. Kh1 Nc3 71. Kg1 Nd1 72. Bxh3 Kxh3 73. Kf1 f2 0-1

[Event "Philadelphia op 16th"]
[Site "Philadelphia"]
[Date "2023.06.27"]
[Round "7"]
[White "Prudhvi, Kumar V"]
[Black "Paul, Justin"]
[Result "0-1"]
[WhiteElo "2083"]
[BlackElo "2312"]
[PlyCount "122"]
[EventDate "2023.06.24"]
[EventType "swiss"]
[EventRounds "9"]
[EventCountry "USA"]
[SourceTitle "CBM 215 Extra"]
[Source "ChessBase"]
[SourceDate "2023.09.30"]
[SourceVersion "1"]
[SourceVersionDate "2023.09.30"]
[SourceQuality "1"]

1. d4 Nf6 2. Nf3 e6 3. c4 d5 4. g3 c6 5. Qc2 Nbd7 6. Nbd2 b6 7. Bg2 Bb7 8. 0-0 Be7 9. Rd1 0-0 10. e4 dxe4 11. Nxe4 Qc8 12. Bf4 c5 13. Nd6 Bxd6 14. Bxd6 Re8 15. Qe2 h6 16. Ne5 Bxg2 17. Kxg2 Qb7+ 18. Qf3 Qxf3+ 19. Kxf3 Rac8 20. b3 a6 21. Rac1 h5 22. h3 cxd4 23. Rxd4 b5 24. Nxd7 Nxd7 25. c5 Rc6 26. b4 Nf6 27. a4 bxa4 28. Ke3 Rd8 29. Ra1 Nd5+ 30. Kd3 f6 31. Rxa4 g5 32. h4 g4 33. Re4 e5 34. Ra5 Kf7 35. b5 axb5 36. Rxb5 Ra8 37. Rb3 Ke6 38. Re2 Ra4 39. Reb2 Rd4+ 40. Ke2 Ra6 41. Rb1 Ra2+ 42. R3b2 Nc3+ 43. Kf1 Rxb2 44. Rxb2 Rd1+ 45. Kg2 Ne4 46. f4 Nxd6 47. cxd6 exf4 48. gxf4 Rxd6 49. Rb8 Rd2+ 50. Kg3 Rd3+ 51. Kg2 Kf5 52. Rb5+ Kxf4 53. Rxh5 Rd2+ 54. Kf1 f5 55. Ke1 Rh2 56. Kf1 Ke4 57. Kg1 g3 58. Rg5 f4 59. h5 Kf3 60. Rb5 Kg4 61. Rb4 Rxh5 0-1

[Event "Lorca Christmas op"]
[Site "Lorca"]
[Date "2022.12.28"]
[Round "5"]
[White "Ceres, Dragos"]
[Black "Prudhvi, Kumar V"]
[Result "1-0"]
[WhiteElo "2412"]
[BlackElo "1733"]
[PlyCount "141"]
[EventDate "2022.12.26"]
[EventType "swiss"]
[EventRounds "9"]
[EventCountry "ESP"]
[SourceTitle "CBM 211 Extra"]
[Source "ChessBase"]
[SourceDate "2023.01.31"]
[SourceVersion "1"]
[SourceVersionDate "2023.01.31"]
[SourceQuality "1"]

1. e4 c5 2. Nf3 Nc6 3. d4 cxd4 4. Nxd4 e5 5. Nb5 d6 6. c4 Be6 7. N1c3 a6 8. Na3 g6 9. Nc2 Bg7 10. Be3 Nf6 11. f3 Rc8 12. Qd2 0-0 13. b3 b5 14. Nd5 Bxd5 15. cxd5 Nd4 16. Nb4 Nd7 17. Bd3 Nc5 18. Bxd4 exd4 19. Nc6 Qh4+ 20. g3 Nxd3+ 21. Qxd3 Qh3 22. Qf1 Qd7 23. Qd3 Qh3 24. Qf1 Qd7 25. Qg2 d3 26. Rc1 Bd4 27. Kd2 Bb6 28. Kxd3 f5 29. Rhf1 Qg7 30. Qd2 Rce8 31. Rce1 Qf6 32. Qe2 b4 33. Rc1 Qg7 34. Qd2 a5 35. Rce1 Qf6 36. Kc4 fxe4 37. fxe4 Qxf1+ 38. Rxf1 Rxf1 39. e5 dxe5 40. d6 Rf6 41. Qd5+ Kg7 42. d7 Ree6 43. d8N Rd6 44. Qxe5 Rxd8 45. Nxd8 Bxd8 46. Qd5 Rf8 47. Qd7+ Kg8 48. g4 g5 49. h3 Kh8 50. Kb5 Kg8 51. Qd5+ Kh8 52. Kc6 Kg7 53. Kd7 Kh8 54. Qc5 Kg8 55. Qxf8+ Kxf8 56. Kxd8 Kf7 57. Kc7 Ke6 58. Kb6 Ke5 59. Kxa5 Kf4 60. Kxb4 Kg3 61. a4 Kxh3 62. a5 Kxg4 63. a6 h5 64. a7 h4 65. a8Q Kg3 66. Qh1 g4 67. Kc3 h3 68. b4 h2 69. b5 Kh3 70. b6 g3 71. Qf3 1-0

[Event "Kathmandu op"]
[Site "Kathmandu"]
[Date "2018.04.16"]
[Round "7"]
[White "Prudhvi, Kumar V"]
[Black "Sonkalan, Bharati"]
[Result "1-0"]
[WhiteElo "1836"]
[BlackElo "2050"]
[PlyCount "45"]
[EventDate "2018.04.13"]
[EventType "swiss"]
[EventRounds "9"]
[EventCountry "NEP"]
[SourceTitle "CBM 183 Extra"]
[Source "ChessBase"]
[SourceDate "2018.04.19"]
[SourceVersion "1"]
[SourceVersionDate "2018.04.19"]
[SourceQuality "1"]

1. Nf3 d6 2. b3 e5 3. e4 Nf6 4. Nc3 Nc6 5. Bb5 Bd7 6. d4 exd4 7. Nxd4 Be7 8. Nxc6 Bxc6 9. Bxc6+ bxc6 10. Bb2 0-0 11. 0-0 Re8 12. Re1 Nd7 13. f4 Bf6 14. Kh1 Nc5 15. Qf3 a5 16. Rad1 Qc8 17. e5 dxe5 18. Qxc6 Nb7 19. Nd5 Bh4 20. Rxe5 Rxe5 21. fxe5 a4 22. Qc4 Qd8 23. Nf6+ 1-0

[Event "IND-ch U19"]
[Site "Kankarbagh"]
[Date "2017.09.06"]
[Round "5"]
[White "Prudhvi, Kumar V"]
[Black "Wagh, Suyog"]
[Result "0-1"]
[WhiteElo "1932"]
[BlackElo "2207"]
[PlyCount "65"]
[EventDate "2017.09.03"]
[EventType "swiss"]
[EventRounds "11"]
[EventCountry "IND"]
[SourceTitle "CBM 180 Extra"]
[Source "ChessBase"]
[SourceDate "2017.10.06"]
[SourceVersion "1"]
[SourceVersionDate "2017.10.06"]
[SourceQuality "1"]

1. Nf3 c5 2. b3 d6 3. Bb2 Nf6 4. e3 g6 5. Be2 Bg7 6. 0-0 0-0 7. c4 Nc6 8. d3 b6 9. Nc3 Bb7 10. a3 d5 11. cxd5 Nxd5 12. Qc2 Rc8 13. Nxd5 Qxd5 14. Bxg7 Kxg7 15. Qb2+ Kg8 16. Rfd1 a5 17. Ne1 Qe5 18. Qxe5 Nxe5 19. d4 cxd4 20. exd4 Nd7 21. b4 Nf6 22. bxa5 bxa5 23. Rab1 Bd5 24. Rb5 a4 25. Rc5 Rb8 26. Ra5 Bb3 27. Rc1 Rfe8 28. Rac5 Red8 29. Nf3 Bd5 30. Ne5 Rb3 31. R1c3 Ne4 32. Re3 Rbb8 33. Bd1 0-1

[Event "Philadelphia int op 11th"]
[Site "Philadelphia"]
[Date "2017.06.28"]
[Round "8"]
[White "Prudhvi, Kumar V"]
[Black "Zhu, Qingyu"]
[Result "1-0"]
[WhiteElo "1707"]
[BlackElo "1964"]
[PlyCount "85"]
[EventDate "2017.06.24"]
[EventType "swiss"]
[EventRounds "9"]
[EventCountry "USA"]
[SourceTitle "CBM 179 Extra"]
[Source "ChessBase"]
[SourceDate "2017.08.23"]
[SourceVersion "1"]
[SourceVersionDate "2017.08.23"]
[SourceQuality "1"]

1. e4 e5 2. Bc4 Nf6 3. d3 Nc6 4. Nc3 Bc5 5. f4 d6 6. Nf3 Bg4 7. Bb5 a6 8. Bxc6+ bxc6 9. h3 Be6 10. f5 Bc8 11. Bg5 Rb8 12. Rb1 h6 13. Bh4 g5 14. Bf2 Bxf2+ 15. Kxf2 c5 16. g4 Bb7 17. Qe2 Rg8 18. b3 h5 19. Rbg1 h4 20. Qe3 Nd7 21. Rd1 f6 22. Rhe1 Qe7 23. Nd5 Bxd5 24. exd5 Nb6 25. c4 Kf7 26. d4 cxd4 27. Nxd4 Qd7 28. Ne6 a5 29. Re2 a4 30. Rc2 axb3 31. axb3 Rgc8 32. Qd3 Ke7 33. c5 dxc5 34. Rxc5 Ra8 35. Rd2 Ra7 36. Rxc7 Raxc7 37. d6+ Ke8 38. dxc7 Rxc7 39. Nxc7+ Qxc7 40. Qd6 Qxd6 41. Rxd6 Nd7 42. b4 Kd8 43. Rc6 1-0

[Event "Philadelphia int op 11th"]
[Site "Philadelphia"]
[Date "2017.06.25"]
[Round "3"]
[White "Hong, Andrew Z"]
[Black "Prudhvi, Kumar V"]
[Result "1-0"]
[WhiteElo "2383"]
[BlackElo "1707"]
[PlyCount "98"]
[EventDate "2017.06.24"]
[EventType "swiss"]
[EventRounds "9"]
[EventCountry "USA"]
[SourceTitle "CBM 179 Extra"]
[Source "ChessBase"]
[SourceDate "2017.08.23"]
[SourceVersion "1"]
[SourceVersionDate "2017.08.23"]
[SourceQuality "1"]

1. e4 d5 2. exd5 Nf6 3. d4 Nxd5 4. c4 Nb6 5. Nf3 Bg4 6. c5 Nd5 7. Qb3 Bc8 8. Bc4 e6 9. Nc3 c6 10. Bg5 f6 11. Bh4 b6 12. 0-0 Be7 13. Rfe1 Kf7 14. Bg3 Na6 15. Re2 Re8 16. Rae1 b5 17. Bxd5 cxd5 18. Nxb5 Bd7 19. a4 Qc8 20. Qc2 g6 21. Qc3 Qc6 22. Nd2 e5 23. Nb3 e4 24. f3 f5 25. Na5 Qe6 26. Nb7 Rf8 27. N7d6+ Bxd6 28. Nxd6+ Kg8 29. c6 f4 30. cxd7 Qxd6 31. Bh4 Qxd7 32. fxe4 Qg4 33. Be7 f3 34. Rf2 Rfc8 35. Qb3 Qe6 36. Qxd5 Qxd5 37. exd5 Rc7 38. Rxf3 Rd7 39. d6 Re8 40. Re5 Nb4 41. Rc5 Na6 42. Rc6 Nb4 43. Rc7 Rxc7 44. dxc7 Nd5 45. Bd8 Nxc7 46. Bxc7 Rc8 47. Rc3 Kf7 48. d5 Ke8 49. d6 Kd7 1-0

[Event "Philadelphia int op 11th"]
[Site "Philadelphia"]
[Date "2017.06.24"]
[Round "2"]
[White "Prudhvi, Kumar V"]
[Black "Paul, Justin"]
[Result "1/2-1/2"]
[WhiteElo "1707"]
[BlackElo "2195"]
[PlyCount "93"]
[EventDate "2017.06.24"]
[EventType "swiss"]
[EventRounds "9"]
[EventCountry "USA"]
[SourceTitle "CBM 179 Extra"]
[Source "ChessBase"]
[SourceDate "2017.08.23"]
[SourceVersion "1"]
[SourceVersionDate "2017.08.23"]
[SourceQuality "1"]

1. e4 g6 2. d4 d6 3. Nc3 Nf6 4. Be3 Nbd7 5. Qd2 c6 6. Nf3 b5 7. Bd3 Nb6 8. h3 h6 9. 0-0 Qc7 10. e5 dxe5 11. Nxe5 Nfd5 12. Nxd5 Nxd5 13. c4 bxc4 14. Bxc4 Be6 15. Rac1 Qb6 16. Bb3 Rc8 17. Ba4 Bd7 18. Nxd7 Kxd7 19. Rxc6 Rxc6 20. Rc1 Kd8 21. Rxc6 Qb4 22. Qc2 e6 23. Rc8+ Ke7 24. Bd2 Qxd4 25. Rc4 Qe5 26. f4 Qb8 27. Bb4+ Kd8 28. Ba5+ Ke7 29. Rc8 Qd6 30. Re8+ Kf6 31. Bc3+ Nxc3 32. Qxc3+ Kf5 33. Bc2+ Kxf4 34. g3+ Kg5 35. Qf3 f5 36. Bb3 Qd4+ 37. Kh1 h5 38. Rxe6 Bc5 39. Qf4+ Qxf4 40. gxf4+ Kxf4 41. Rxg6 Re8 42. Rg2 Re1+ 43. Kh2 Bd6 44. Rd2 Be5 45. Kg2 Ke3 46. Rf2 f4 47. Bd5 1/2-1/2